US States and State Capitals Quiz 60 Minutes - Statistics

General Stats
  • This quiz has been taken 276 times
  • The average score is 85 of 100
Answers on the Map
Answers color-coded by a green-red scale on the quiz's map according to % correct below.
 
Answer Stats
State / Capital % Correct
California
96%
Ohio
96%
Texas
96%
Washington
96%
Alabama
95%
Alaska
95%
Florida
95%
Hawaii
95%
New Jersey
95%
New York
95%
Arizona
94%
Arkansas
94%
Colorado
94%
Delaware
94%
Kentucky
94%
New Mexico
94%
Oregon
94%
Tennessee
94%
Utah
94%
Vermont
94%
Georgia
93%
Idaho
93%
Illinois
93%
Indiana
93%
Kansas
93%
Louisiana
93%
Maine
93%
Mississippi
93%
Nevada
93%
Oklahoma
93%
Pennsylvania
93%
Virginia
93%
Wyoming
93%
Connecticut
92%
Missouri
92%
New Hampshire
92%
North Carolina
92%
North Dakota
92%
South Carolina
92%
South Dakota
92%
West Virginia
92%
Wisconsin
92%
Iowa
91%
Maryland
91%
Massachusetts
91%
Michigan
91%
Minnesota
91%
Montana
91%
Nebraska
91%
Rhode Island
91%
Denver
88%
Honolulu
87%
Sacramento
86%
Salt Lake City
86%
Atlanta
84%
Boston
84%
Austin
83%
Phoenix
83%
Boise
82%
Juneau
82%
Albany
81%
Raleigh
81%
Indianapolis
80%
Oklahoma City
79%
Tallahassee
79%
Little Rock
78%
Nashville
78%
Richmond
78%
Des Moines
77%
Jackson
77%
Olympia
77%
Baton Rouge
76%
Montgomery
76%
Santa Fe
76%
Columbus
75%
Dover
75%
Providence
75%
Salem
75%
Annapolis
74%
Carson City
74%
Frankfort
74%
Hartford
74%
Topeka
74%
Trenton
74%
Harrisburg
73%
Springfield
73%
Columbia
72%
Madison
72%
Pierre
72%
Cheyenne
71%
Jefferson City
71%
Lincoln
71%
Charleston
70%
Augusta
69%
Lansing
69%
Bismarck
68%
Helena
68%
Montpelier
67%
Saint Paul
67%
Concord
65%
No matching quizzes found
Score Distribution
Percent of People with Each Score
Percentile by Number Answered
Your Score History
You have not taken this quiz